000 01018nac a22002777a 4500
001 BR6400214
003 BR-BrBNA
005 20240105113255.0
008 230509b bl.|||m| |||| 00| 0 por d
040 _aBR-BrBNA
_bpor
_cBiblioteca Nacional de Agricultura
072 _aH20
090 _a4120 BR6400214
100 1 _aMedeiros, A.G.
100 1 _aAquino, M. de L.N. de
110 1 _aInstituto de Pesquisas Agronomicas de Pernambuco, Recife (Brasil)
_96135
245 1 _aOcorrencia de Curvularia maculans (Bancroff)Boedijin var. Macrospora, nova variedade, em folhas de cara (Dioscoreaceas)no estado de Pernambuco [Dioscorea cayannensis; Inhame; Brasil]
260 3 _aRecife, PE (Brasil):
_c1964.
300 _a5 p.
490 _aBoletim Tecnico - Instituto de Pesquisas Agronomicas de Pernambuco (Brazil)
_vno. 7
_x
500 _aSummaries (En, Pt); 12 ref.
650 _aFUNGO
650 _aINHAME
650 _aPERNAMBUCO
909 _a202312
_bLúcia Elande
_c55
_dLúcia Elande
942 _2AGRIS
_n0
_cMS
999 _c262820
_d262820